000 00476nam a2200205Ia 4500
003 IT-RoPAU
008 120407s9999 xx 000 0 und d
040 _aIT-RoPAU
040 _cIT-RoPAU
041 _afra
100 _aJacques Maritain
245 _aLa philosophie de la nature. Essai critique sur ses frontières et son object.
250 _aParis
260 _aTéqui
300 _a146 p.
300 _c22,5 cm
490 _v1
942 _cBK
999 _c25850
_d25850